00656nam a2200229 a 4500001001300000003000900013005001700022008004100039020001000080082001400090100001400104245002900118260005400147300000900201500003500210650002300245700001400268902000800282942000700290952011400297999001500411nice12345678IN_TiNIC20260116012005.0070730s1982 wesa grp 000 0 eng  ac10000a297bPOO1 aPool, J J aStuudies in Mohammadnism aWestminister bArchibald Constable and Co. c1982 a419p aincludes index and biblioraphy aIslam-Meccan Trade1 aPool, J J bSRS cBK 001040708StackRoom-aHMIbHMId2007-07-30g100.00l0o297 POO1p08062r2007-07-30v100.00w2007-07-30yBK c5184d5184